Environmental Pollution Control Engineering (Record no. 598)

MARC details
000 -LEADER
Fixed length control field 00513nam a2200181 4500
003 - CONTROL NUMBER IDENTIFIER
Control field SEACOMMC
005 - DATE AND TIME OF LATEST TRANSACTION
Control field 20250419133707.0
008 - FIXED-LENGTH DATA ELEMENTS--GENERAL INFORMATION
Fixed length control field 240925b |||||||| |||| 00| 0 eng d
020 ## - INTERNATIONAL STANDARD BOOK NUMBER / ISBN
International Standard Book Number 978-81-2241-835-4
Price Rs.225.00
040 ## - CATALOGING SOURCE
Original cataloging agency SEACOMMC
082 ## - DEWEY DECIMAL CLASSIFICATION NUMBER
Classification number 363.736
Book Number R 215
100 ## - MAIN ENTRY--PERSONAL NAME
Personal name Rao, C.S
245 1# - TITLE STATEMENT
Title Environmental Pollution Control Engineering
Statement of responsibility C. S. Rao
250 ## - EDITION STATEMENT
Edition statement 2nd ed.
260 ## - IMPRINT
Place of publication New Delhi
Name of publisher New Age International
Date of publication 2006
650 ## - SUBJECT ADDED ENTRY--TOPICAL TERM
Topical term Environment -- Hazardous waste management
942 ## - ADDED ENTRY ELEMENTS (KOHA)
Koha item type Books
Holdings
Withdrawn status Lost status Source of classification Damaged status Not for loan Home library Current library Date acquired Total Checkouts Call number Accession number Date last seen Price effective from Koha item type Copy number
    Dewey Decimal Classification     SEACOM MANAGEMENT COLLEGE SEACOM MANAGEMENT COLLEGE 04/10/2007   363.736 R 215 M-339 25/09/2024 25/09/2024 Books  
    Dewey Decimal Classification     SEACOM MANAGEMENT COLLEGE SEACOM MANAGEMENT COLLEGE 04/10/2007   363.736 R 215 M-340 25/09/2024 25/09/2024 Books 1
    Dewey Decimal Classification     SEACOM MANAGEMENT COLLEGE SEACOM MANAGEMENT COLLEGE 04/10/2007   363.736 R 215 M-341 25/09/2024 25/09/2024 Books 2
    Dewey Decimal Classification     SEACOM MANAGEMENT COLLEGE SEACOM MANAGEMENT COLLEGE 04/10/2007   363.736 R 215 M-342 25/09/2024 25/09/2024 Books 3
    Dewey Decimal Classification     SEACOM MANAGEMENT COLLEGE SEACOM MANAGEMENT COLLEGE 04/10/2007   363.736 R 215 M-343 25/09/2024 25/09/2024 Books 4
© Seacom Engineering College, All rights reserved.    Powered by Koha